Statistics for Coin Flip #3

Click here to take the quiz!

General Stats

  • This quiz has been taken 7 times
  • The average score is 7 of 20

Answer Stats

QuestionAnswer% Correct
Heads or Tails?Heads
71%
Heads or Tails?Heads
71%
Heads or Tails?Heads
57%
Heads or Tails?Heads
57%
Heads or Tails?Heads
57%
Heads or Tails?Heads
43%
Heads or Tails?Heads
43%
Heads or Tails?Heads
43%
Heads or Tails?Tails
43%
Heads or Tails?Heads
29%
Heads or Tails?Tails
29%
Heads or Tails?Tails
29%
Heads or Tails?Tails
29%
Heads or Tails?Tails
14%
Heads or Tails?Tails
14%
Heads or Tails?Tails
14%
Heads or Tails?Tails
14%
Heads or Tails?Tails
14%
Heads or Tails?Tails
0%
Heads or Tails?Tails
0%

Score Distribution

Percentile by Number Answered

Percent of People with Each Score

Your Score History

You have not taken this quiz